Boss dans les jeux Mario - Mort subite - Statistiques

Statistiques générales
  • Ce quiz a été pris 76 fois
  • Le résultat moyen est 8 sur 20
Answers on the Grid
Answers color-coded by a green-red scale on the quiz's grid according to % correct below.
Bowser
Begoman
Iggy
Vectron
Flora Piranha
Négativitron
Arachnoboss
Poulpoboss
Kamella
Bonkers
Ovizard
Roi Bob-omb
Roi Mogu
Roi DaDiDou
Wilfre
Collette
Tarma
Crocho
Balrog
Goromi
Pokeypik
Boum-Boum
Roi Whomp
Gros Moche
Sorbetti
Roi Lakitu
Tatouboul
Méga Bloups
Skaraboss
Foropod
 
Statistiques - réponses
Réponse % Correct
Bowser
84%
Roi Bob-omb
73%
Roi Whomp
68%
Flora Piranha
65%
Roi Lakitu
59%
Iggy
57%
Méga Bloups
57%
Boum-Boum
56%
Poulpoboss
43%
Arachnoboss
35%
Roi Mogu
32%
Skaraboss
29%
Pokeypik
22%
Sorbetti
21%
Kamella
17%
Tatouboul
17%
Foropod
16%
Begoman
14%
Gros Moche
13%
Ovizard
13%
Aucun quiz correspondant
Distribution des résultats
% des personnes avec chaque résultat
Percentile par nombre de réponses
Votre historique - résultats
Vous n’avez pas pris ce quiz